000 00700nam a2200205Ia 4500
005 20241129111252.0
008 241129s9999||||xx |||||||||||||| ||und||
037 _aTB
040 _aCRL
_bpun
_cCRL
041 _apun
_2pun
084 _aO28,1M83 153Q7
_qCRL
100 _aਨਈਮੀ, ਮਿਖ਼ਾਣੀਲ, ਚ।
245 0 _aਖ਼ਲੀਲ ਜਿਬਰਾਲ
_cਨਈਮੀ, ਮਿਖ਼ਾਣੀਲ, ਚ।
260 _aਅਮ੍ਰਿਤਸਰ, ਭਾਰਤ
_bਅਮ੍ਰਿਤਸਰ ਸਿੰਘ ਬ੍ਰਦਰਜ਼
_c2020
300 _a223ਪ੍ਰ0
365 _aINR
_b180
650 _aArabic Poetry
942 _cTB
_hO28,1M83 153Q7
999 _c1229666
_d1229666